Statistics for Mountains of the world: Part II- Central America and the Caribbean

Click here to take the quiz!

General Stats

  • This quiz has been taken 28 times
  • The average score is 8 of 32

Answer Stats

HintAnswer% Correct
Highest point in PanamaVolcan Baru
100%
Highest point in Costa RicaCerro Chirripo
63%
Above is in what mountain rangeTalamanca Mountains
63%
Highest point in Dominican RepublicPico Duarte
50%
Highest point in Puerto RicoCerro de Punta
38%
Highest point in HondurasCerro las Minas
38%
Highest point in NicaraguaMogoton
38%
Highest point in CubaPico Turquino
38%
Mountains north of the Darien GapSan Blas Mountains
38%
Highest point in JamaicaBlue Mountain Peak
25%
Mountains east of the aboveCentral Mountains
25%
Highest point in El SalvadorCerro el Pital
25%
Highest point in BelizeDoyle's Delight
25%
Highest point in BahamasMt. Alvernia
25%
Highest point in HaitiPic la Selle
25%
What mountain range is locatede north of San Jose?Tilaran Mountains
25%
What is the highest point in GuatemalaVolcan Tajumulco
25%
What mountains are located in Costa Rica's NorthwestGuanacaste Mountains
13%
Highest point in St. Vincent and the GrenadinesLa Soufriere
13%
Above is in what mountain rangeMaya Mountains
13%
Highest point in DominicaMorne Diablotins
13%
Highest point in St. LuciaMount Gimie
13%
Highest point in GrenadaMount St. Catherine
13%
Highest point in BarbadosMt. Hillaby
13%
Highest point in St. Kitts and NevisMt. Liamuiga
13%
Highest point in Antigua and BarbudaMt. Obama
13%
Above is in what mountain rangeSierra Maestra
13%
Longest mountain range in GuatemalaChuchumatanes Mountains
0%
Above is in what cordilleraCordillera de Celaque
0%
Highest point in Trinidad and TobagoEl Cerro del Aripo
0%
Above is in what mountain rangeSierra Madre
0%
Above is in what mountain rangeSierra Madre
0%

Score Distribution

Percentile by Number Answered

Percent of People with Each Score

Your Score History

You have not taken this quiz